Core curriculum for forensic nursing / (Record no. 34)

MARC details
000 -LEADER
fixed length control field 01792pam a2200361 i 4500
005 - DATE AND TIME OF LATEST TRANSACTION
control field 20260322212003.0
008 - FIXED-LENGTH DATA ELEMENTS--GENERAL INFORMATION
fixed length control field data
010 ## - LIBRARY OF CONGRESS CONTROL NUMBER
LC control number 2015024156
020 ## - INTERNATIONAL STANDARD BOOK NUMBER
International Standard Book Number 9781451193237
020 ## - INTERNATIONAL STANDARD BOOK NUMBER
International Standard Book Number 1451193238
020 ## - INTERNATIONAL STANDARD BOOK NUMBER
International Standard Book Number 1496328442
020 ## - INTERNATIONAL STANDARD BOOK NUMBER
International Standard Book Number 9781496328441 (electronic)
040 ## - CATALOGING SOURCE
Original cataloging agency DNLM
Language of cataloging eng
Description conventions rda
Transcribing agency DNLM
041 09 - LANGUAGE CODE
Language code of text/sound track or separate title eng
042 ## - AUTHENTICATION CODE
Authentication code pcc
044 ## - COUNTRY OF PUBLISHING/PRODUCING ENTITY CODE
-- United States
060 10 - NATIONAL LIBRARY OF MEDICINE CALL NUMBER
Classification number WY 18.2
001 - CONTROL NUMBER
control field data
245 00 - TITLE STATEMENT
Title Core curriculum for forensic nursing /
Statement of responsibility, etc. [edited by] Bonnie Price, Kathleen Maguire.
250 ## - EDITION STATEMENT
Edition statement 1st
264 #1 - PRODUCTION, PUBLICATION, DISTRIBUTION, MANUFACTURE, AND COPYRIGHT NOTICE
Place of production, publication, distribution, manufacture Philadelphia :
Name of producer, publisher, distributor, manufacturer Wolters Kluwer,
Date of production, publication, distribution, manufacture, or copyright notice [2016]
300 ## - PHYSICAL DESCRIPTION
Extent xiii, 266 pages :
Other physical details illustrations
336 ## - CONTENT TYPE
Content type term text
Source rdacontent
337 ## - MEDIA TYPE
Media type term unmediated
Source rdamedia
338 ## - CARRIER TYPE
Carrier type term volume
Source rdacarrier
504 ## - BIBLIOGRAPHY, ETC. NOTE
Bibliography, etc. note Includes bibliographical references and index.
505 0# - FORMATTED CONTENTS NOTE
Formatted contents note Introduction / Judy Waldman, Karen S. Neill -- Forensic nursing in the healthcare setting / Catherine Carter-Snell, Annie Lewis O'Connor -- Forensic nursing and the deceased / Pamela Tabor, Bobbi Jo O'Neal -- Forensic mental health nursing / Norah M. Sullivan, Ashley N. Smith -- Forensic correctional nursing / Georgia Perdue, MaryAnne C. Murray, Wesley A. Rivera -- Emerging issues : military forensic nursing / Michelle Ortiz -- Emerging issues : human trafficking / Donna Sabella -- Overarching issues : testifying / Judy Malmgren, Cyndi Leahy -- Overarching issues : vicarious trauma / Cyndi Leahy.
650 12 - SUBJECT ADDED ENTRY--TOPICAL TERM
Topical term or geographic name entry element Forensic Nursing
Authority record control number or standard number https://id.nlm.nih.gov/mesh/D053604
655 #2 - INDEX TERM--GENRE/FORM
Genre/form data or focus term Outline
Authority record control number or standard number https://id.nlm.nih.gov/mesh/D020489
700 1# - ADDED ENTRY--PERSONAL NAME
Personal name Price, Bonnie,
Relator term editor.
700 1# - ADDED ENTRY--PERSONAL NAME
Personal name Maguire, Kathleen
Titles and other words associated with a name (Forensic nurse),
Relator term editor.
856 4# - ELECTRONIC LOCATION AND ACCESS
Uniform Resource Identifier <a href="https://www.r2library.com/Resource/Title/1451193238">https://www.r2library.com/Resource/Title/1451193238</a>
Link text Link to book at Rittenhouse R2.
Holdings
Withdrawn status Lost status Damaged status Not for loan Home library Current library Shelving location Date acquired Total checkouts Full call number Barcode Date last seen Price effective from Koha item type
        Riverside Riverside General stacks 22/03/2026   GEN BC0010034 22/03/2026 22/03/2026 Books